000 01454nam a22002777a 4500
005 20170124103139.0
010 _aA-807323
020 _c140.00
035 _aA-807323
037 _bCen Lib/Ret
040 _aDPL
_bHN
082 _a305.231
_bजायस
100 _aजायसवाल, सीताराम
_942466
245 _aसर्वागीण बाल-विकास :
_cसीताराम जायसवाल
_bसरस्वती शिशु-मन्दिर शिक्षा-प्रणाली के परिप्रेक्ष्य में /
246 _aSarvageen bal-vikas : saraswati shishu-mandir shiksha-pranali ke pariprekshey me /
_bby Seetaram Jayaswal
250 _aद्वितीय संस्करण
260 _bआर्य बुक डिपो
_c1996
_aनई दिल्ली
270 _a30, नाईवाला, करोल बाग
_bनई दिल्ली
_e110005
300 _a296पृ.
_c20सेमी(सजिल्द)
500 _aअनुक्रमाणिका और संदर्भ शामिल
650 _aशिक्षा -- उद्देश्य
_985312
650 _aशिक्षा -- भारतीय संस्कृति
_92485
650 _aEducation - Objectives
_985313
650 _aEducation - Indian Culture
_985314
942 _2ddc
_cHN
_h305.231
_mजायस
999 _c119508
_d119508